000 00630nam a22001935i 4500
001 68344
003 ES-MaACL
005 20230906170250.0
007 t|
008 960731s1883 sp ||||1| spa d
040 _aCAM
_bspa
_cCAM
100 1 _aGarcía Alvarez, Rafael.
_954156
245 1 0 _aEstudio sobre el trasformismo /
_cpor Rafael García Alvarez; precedido de una carta-prólogo de José de Echegaray.
260 _aGranada :
_b[s.n.],
_c1883 (
_fImprenta de Ventura Sabatel)
300 _aVI, 387 p. ;
_c22 cm.
700 1 _aEchegaray, José,
_d1832-1916
_946526
852 _aES-MaACL
_jC-3455
999 _c68344
_d68344